000 00611nam a2200157 i 4500
001 bg
245 1 0 _aAspekty ekologiczne w planowaniu przestrzennym silnie uprzemysłowionych aglomeracji :
_bpraca zbiorowa.
_nCz. 2,
_pWskźniki i mierniki koncentracji i dekoncentracji na przykładzie szczecińskiej aglomeracji portowo-miejskiej /
_czesp. aut. Leszek Dąbrowski [et al.]
260 _aWarszawa,
_c1981.
650 9 _aPlanowanie przestrzenne
700 1 _aDąbrowski, Leszek.
040 _cBPK
041 _apol
080 _a911.375:574:504](438)
942 _cKS
008 s pl f |000 0 pol
999 _c20609
_d20609
856 _uhttp://koha.tu.koszalin.pl/cgi-bin/koha/opac-detail.pl?biblionumber=20609
_yKatalog online BPK